000 00303nam a2200109Ia 4500
008 200302s9999 xx 000 0 und d
100 _aJane C.Loeffler
245 _aThe Architecture Of Diplomacy : Building Americas Embassies
260 _bPrinceton Architectural Press
260 _c2011
300 _a325 P
999 _c4886
_d4886